Países más cercanos a Canadá por las dos primeras letras - Estadísticas

Estadísticas generales
  • Esta prueba ha sido intentada 202 veces
  • La puntuación promedio es 13 de 20
Estadísticas de respuestas
km país % Correcto
0 Estados Unidos
99%
1809 México
99%
1238 Rusia
85%
1232 Bermudas (Reino Unido)
83%
2065 Cuba
83%
2644 República Dominicana
83%
26 Groenlandia (Dinamarca)
77%
1657 Bahamas
73%
2733 Guatemala
73%
2832 Sint Maarten (Países Bajos)
70%
2625 Jamaica
69%
2642 Belice
67%
2582 Haití
63%
2823 Honduras
54%
1638 Islandia
49%
8 San Pedro y Miquelón (Francia)
45%
2342 Finlandia
34%
2200 Noruega
34%
2352 Suecia
33%
1928 Azores (Portugal)
24%
No se encontraron pruebas coincidentes
Distribución de puntuación
Porcentaje de gente con cada puntuación
Porcentaje por número respondido
Historial de tus puntuaciones
No has intentado esta prueba.